Listen to me! the voices of pupils with emotional and behavioural difficulties (EBD) /

Spremljeno u:
Bibliografski detalji
Glavni autor: Wise, Susan
Autor kompanije: ebrary, Inc
Format: Elektronički e-knjiga
Jezik:engleski
Izdano: Bristol : Lucky Duck Pub., 2000.
Teme:
Online pristup:An electronic book accessible through the World Wide Web; click to view
Oznake: Dodaj oznaku
Bez oznaka, Budi prvi tko označuje ovaj zapis!

MARC

LEADER 00000nam a2200000Ia 4500
001 0000108389
005 20171002055655.0
006 m u
007 cr cn|||||||||
008 010709s2000 enk s 000 0 eng d
020 |z 1873942133 
020 |z 9781873942130 
035 |a (CaPaEBR)ebr10285273 
035 |a (OCoLC)326881651 
040 |a CaPaEBR  |c CaPaEBR 
050 1 4 |a LC4803.G7  |b W57 2000eb 
100 1 |a Wise, Susan. 
245 1 0 |a Listen to me!  |h [electronic resource] :  |b the voices of pupils with emotional and behavioural difficulties (EBD) /  |c Susan Wise. 
260 |a Bristol :  |b Lucky Duck Pub.,  |c 2000. 
300 |a 150 p. 
533 |a Electronic reproduction.  |b Palo Alto, Calif. :  |c ebrary,  |d 2009.  |n Available via World Wide Web.  |n Access may be limited to ebrary affiliated libraries. 
650 0 |a Problem children  |x Education  |z Great Britain. 
650 0 |a Adjustment disorders in children. 
655 7 |a Electronic books.  |2 local 
710 2 |a ebrary, Inc. 
856 4 0 |u http://site.ebrary.com/lib/daystar/Doc?id=10285273  |z An electronic book accessible through the World Wide Web; click to view 
908 |a 170314 
942 0 0 |c EB 
999 |c 97539  |d 97539